Texts of power : (Record no. 46494)

000 -LEADER
fixed length control field 00417nam a22001451a 4500
020 ## - INTERNATIONAL STANDARD BOOK NUMBER
International Standard Book Number 9788185604169
082 ## - DEWEY DECIMAL CLASSIFICATION NUMBER
Classification number 954.14
Item number PAR/T
245 ## - TITLE STATEMENT
Title Texts of power :
Remainder of title emerging disciplines in Colonial Bengal/
Statement of responsibility, etc. by Partha Chatterjee (ed.)
260 ## - PUBLICATION, DISTRIBUTION, ETC.
Place of publication, distribution, etc. Cacutta:
Name of publisher, distributor, etc. Samaya,
Date of publication, distribution, etc. 1996.
300 ## - PHYSICAL DESCRIPTION
Extent 220p.
650 ## - SUBJECT ADDED ENTRY--TOPICAL TERM
Topical term or geographic name entry element History Bengal
9 (RLIN) 93936
650 ## - SUBJECT ADDED ENTRY--TOPICAL TERM
Topical term or geographic name entry element History
9 (RLIN) 93937
700 ## - ADDED ENTRY--PERSONAL NAME
Personal name Partha Chatterjee (ed.)
9 (RLIN) 93938
942 ## - ADDED ENTRY ELEMENTS (KOHA)
Koha item type Book
Holdings
Withdrawn status Lost status Damaged status Not for loan Permanent Location Current Location Date acquired Cost, normal purchase price Total Checkouts Full call number Barcode Date last seen Cost, replacement price Price effective from Koha item type
        Sree Sankaracharya University of Sanskrit Sree Sankaracharya University of Sanskrit 08.01.2015 290.00   954.14 PAR/T 007086 21.04.2021 0.00 08.01.2015 Book